|
|
|
|
| LEADER |
00000nab a2200000 a 4500 |
| 001 |
vtls010621057 |
| 003 |
SK-MaSNL |
| 005 |
20260303235517.0 |
| 008 |
140919c2014 xo wr n 0 0slo |
| 038 |
|
|
|a SLLK
|
| 040 |
|
|
|a SLLK
|b slo
|c sllk
|e AACR2
|
| 041 |
|
|
|a slo
|
| 044 |
|
|
|a xo
|c SK
|
| 080 |
|
|
|a 069.013
|x (437.6)
|2 2001
|
| 080 |
|
|
|a 728.83
|x (437.6)
|2 2001
|
| 245 |
0 |
0 |
|a Kaštieľ = miesto pre vzácne historické predmety
|c Text a foto (eh)
|
| 300 |
|
|
|b Fotogr.
|
| 610 |
2 |
7 |
|a Ľubovnianske múzeum (Stará Ľubovňa, Slovensko)
|2 sllk
|9 33159
|
| 648 |
|
7 |
|a 2014
|2 snkbucl
|9 334827
|
| 650 |
0 |
7 |
|a kaštiele
|z Stará Ľubovňa (Slovensko)
|2 sllk
|9 1217992
|
| 650 |
0 |
7 |
|a rekonštrukcie
|2 sllk
|9 24616
|
| 650 |
0 |
7 |
|a múzejné depozitáre
|2 sllk
|9 49521
|
| 651 |
|
7 |
|a Stará Ľubovňa (Slovensko)
|2 sllk
|9 19193
|
| 773 |
0 |
|
|t Ľubovnianske noviny
|g Roč. XXXIX, č. 21 (2014), s. 1
|x 1338-0346
|
| 999 |
|
|
|c 2526341
|d 2528271
|